| Tag |
First Indicator |
Second Indicator |
Subfields |
| LEADER |
00000cam a2200000Ia 4500 |
| 001 |
in00002467953 |
| 005 |
20210817090712.0 |
| 006 |
m d |
| 007 |
cr cn||||||||| |
| 008 |
080226s2005 nyua sb 001 0 eng d |
| 020 |
|
|
|a 0387276149
|
| 020 |
|
|
|a 9780387276144
|
| 029 |
1 |
|
|a AU@
|b 000042137001
|
| 029 |
1 |
|
|a NZ1
|b 12050011
|
| 035 |
|
|
|a (OCoLC)209818243
|
| 035 |
|
|
|a (OCoLC)ocn209818243
|
| 037 |
|
|
|a 978-0-306-48697-5
|b Springer
|n http://www.springerlink.com
|
| 040 |
|
|
|a GW5XE
|c GW5XE
|d UtOrBLW
|
| 049 |
|
|
|a TEFA
|
| 050 |
1 |
4 |
|a GN50.8
|b .M63 2005eb
|
| 060 |
1 |
4 |
|a 2005 K-182
|
| 060 |
1 |
4 |
|a GN 51
|b M689 2005
|
| 082 |
0 |
4 |
|a 599.9
|2 22
|
| 245 |
0 |
0 |
|a Modern morphometrics in physical anthropology /
|c edited by Dennis E. Slice.
|
| 264 |
|
1 |
|a New York :
|b Kluwer Academic/Plenum Publishers,
|c [2005]
|
| 264 |
|
4 |
|c ©2005
|
| 300 |
|
|
|a xxi, 383 pages :
|b illustrations ;
|c 26 cm.
|
| 336 |
|
|
|a text
|b txt
|2 rdacontent
|
| 337 |
|
|
|a computer
|b c
|2 rdamedia
|
| 338 |
|
|
|a online resource
|b cr
|2 rdacarrier
|
| 490 |
1 |
|
|a Developments in primatology
|
| 500 |
|
|
|a Electronic resource.
|
| 504 |
|
|
|a Includes bibliographical references and index.
|
| 505 |
0 |
|
|a Modern morphometrics / Dennis E. Slice -- After landmarks / Fred L. Bookstein -- Semilandmarks in three dimensions / Philipp Gunz, Philipp Mitteroecker and Fred L. Bookstein -- An alternative approach to space curve analysis using the example of the Neanderthal occipital bun / David Paul Reddy, Katerina Harvati and Johann Kim -- Correcting for the effect of orientation in geometric morphometric studies of side-view images of human heads / Waleed Gharaibeh -- Fourier descriptors, Procrustes superimposition, and data dimensionality : an example of cranial shape analysis in modern human populations / Michel Baylac and Martin Friess -- Problems with landmark-based morphometrics for fractal outlines : the case of frontal sinus ontogeny / Hermann Prossinger -- An invariant approach to the study of fluctuating asymmetry : developmental instability in a mouse model for Down syndrome / Joan T. Richtsmeier, Theodore M. Cole III and Subhash R. Lele -- Comparison of coordinate and craniometric data for biological distance studies / Ashley H. McKeown and Richard L. Jantz -- Assessing craniofacial secular change in American blacks and whites using geometric morphometry / Daniel J. Wescott and Richard L. Jantz -- Secular trends in craniofacial asymmetry studied by geometric morphometry and generalized Procrustes methods / Erin H. Kimmerle and Richard L. Jantz -- The morphological integration of the hominoid skull : a partial least squares and PC analysis with implications for European middle Pleistocene mandibular variation / Markus Bastir, Antonio Rosas and H. David Sheets -- A geometric morphometric analysis of late Pleistocene human metacarpal 1 base shape / Wesley Allan Niewoehner -- A geometric morphometric assessment of the relationship between scapular variation and locomotion in African apes / Andrea B. Taylor and Dennis E. Slice -- Functional shape variation in the cercopithecine masticatory complex / Michelle Singleton -- A geometric morphometric assessment of the hominoid supraorbital region : affinities of the Eurasian Miocene hominoids Dryopithecus, Graecopithecus, and Sivapithecus / Kieran P. McNulty.
|
| 533 |
|
|
|a Electronic reproduction.
|b New York :
|c Springer,
|d 2008.
|n Mode of access: World Wide Web.
|n System requirements: Web browser.
|n Title from title screen (viewed on Jan. 30, 2008).
|n Access may be restricted to users at subscribing institutions.
|
| 650 |
1 |
2 |
|a Anthropometry
|x methods.
|0 https://id.nlm.nih.gov/mesh/D000886Q000379
|
| 650 |
2 |
2 |
|a Anthropology, Physical
|x methods.
|0 https://id.nlm.nih.gov/mesh/D000885Q000379
|
| 650 |
2 |
2 |
|a Computer Simulation.
|0 https://id.nlm.nih.gov/mesh/D003198
|
| 650 |
2 |
2 |
|a Models, Theoretical.
|0 https://id.nlm.nih.gov/mesh/D008962
|
| 650 |
|
0 |
|a Anthropometry.
|0 http://id.loc.gov/authorities/subjects/sh85005588
|
| 650 |
|
0 |
|a Craniometry.
|0 http://id.loc.gov/authorities/subjects/sh85033754
|
| 650 |
|
0 |
|a Morphology
|x Computer simulation.
|
| 650 |
|
0 |
|a Morphology
|x Mathematics.
|
| 650 |
|
0 |
|a Morphology
|x Statistical methods.
|
| 650 |
|
0 |
|a Physical anthropology
|x Computer simulation.
|
| 650 |
|
0 |
|a Physical anthropology
|x Mathematics.
|
| 650 |
|
0 |
|a Physical anthropology
|x Methodology.
|
| 650 |
|
6 |
|a Anthropologie physique
|x Mathématiques.
|
| 650 |
|
6 |
|a Anthropologie physique
|x Méthodologie.
|
| 650 |
|
6 |
|a Anthropologie physique
|x Simulation par ordinateur.
|
| 650 |
|
6 |
|a Anthropométrie.
|
| 650 |
|
6 |
|a Craniométrie.
|
| 650 |
|
6 |
|a Morphologie
|x Mathématiques.
|
| 650 |
|
6 |
|a Morphologie
|x Méthodes statistiques.
|
| 650 |
|
6 |
|a Morphologie
|x Simulation par ordinateur.
|
| 655 |
|
7 |
|a Electronic books.
|2 local
|
| 700 |
1 |
|
|a Slice, Dennis E.
|0 http://id.loc.gov/authorities/names/n2004108735
|
| 710 |
2 |
|
|a SpringerLink (Online service)
|0 http://id.loc.gov/authorities/names/no2005046756
|
| 776 |
1 |
|
|c Original
|z 0306486970
|z 9780306486975
|z 0306486989
|z 9780306486982
|w (DLC) 2004054594
|w (OCoLC)55878023
|
| 830 |
|
0 |
|a Developments in primatology.
|0 http://id.loc.gov/authorities/names/n2001017522
|
| 856 |
4 |
0 |
|u http://proxy.library.tamu.edu/login?url=https://dx.doi.org/10.1007/0-387-27614-9
|z Connect to the full text of this electronic book
|t 0
|
| 856 |
4 |
2 |
|3 Publisher description
|u http://www.loc.gov/catdir/enhancements/fy0663/2004054594-d.html
|t 0
|
| 994 |
|
|
|a C0
|b TEF
|
| 999 |
|
|
|a MARS
|
| 999 |
f |
f |
|s 7a260e61-d89f-36a0-9b51-2dce8d8039e8
|i b89922e8-25c8-3b90-9aeb-208d31576772
|t 0
|
| 952 |
f |
f |
|a Texas A&M University
|b College Station
|c Electronic Resources
|d Available Online
|t 0
|e GN50.8 .M63 2005eb
|h Library of Congress classification
|
| 998 |
f |
f |
|a GN50.8 .M63 2005eb
|t 0
|l Available Online
|